|
|
|
|
| LEADER |
00000nam0a2200000 4500 |
| 001 |
352732 |
| 005 |
20231102010527.0 |
| 035 |
|
|
|a (RuTPU)RU\TPU\retro\9482
|
| 090 |
|
|
|a 352732
|
| 100 |
|
|
|a 20200203d1948 k y0rusy50 ca
|
| 101 |
0 |
|
|a rus
|
| 102 |
|
|
|a RU
|
| 105 |
|
|
|a af z 001zy
|
| 200 |
1 |
|
|a К строению тела правильных археоциат
|e (по данным изучения Archaeocyathus demboi, sp. nov.)
|e [оттиск статьи]
|f А. Г. Вологдин
|
| 210 |
|
|
|a Москва
|a Ленинград
|c Издательство Академии наук СССР
|d 1948
|
| 215 |
|
|
|a С. 94-100
|c ил.
|
| 225 |
1 |
|
|a Известия Академии наук СССР. Серия биологическая
|v № 1
|
| 316 |
|
|
|5 63413507: ШкА/636
|a На с. 94 дарственная надпись: "В Библиотеку Томского Индустриального Института от автора"
|
| 320 |
|
|
|a Библиогр.: с. 100
|
| 606 |
1 |
|
|a Археоциаты
|2 stltpush
|3 (RuTPU)RU\TPU\subj\72116
|9 85702
|
| 610 |
1 |
|
|a коллекция ТПУ
|
| 610 |
1 |
|
|a оттиски
|
| 610 |
1 |
|
|a дарственные надписи
|
| 610 |
1 |
|
|a дары автора
|
| 610 |
1 |
|
|a дары библиотеке
|
| 610 |
1 |
|
|a Кузнецкий Алатау
|
| 610 |
1 |
|
|a известняки
|
| 610 |
1 |
|
|a палеонтологические характеристики
|
| 610 |
1 |
|
|a скелеты
|
| 675 |
|
|
|a 563.66
|v 4
|
| 700 |
|
1 |
|a Вологдин
|b А. Г.
|c геолог и палеонтолог
|c член-корреспондент АН СССР
|f 1896-1971
|g Александр Григорьевич
|2 stltpush
|3 (RuTPU)RU\TPU\pers\38464
|9 20789
|
| 801 |
|
1 |
|a RU
|b 63413507
|c 20200203
|
| 942 |
|
|
|c BK
|